000 02545cam a2200385 4500500
005 20260426020057.0
041 _afre
042 _adc
100 1 0 _aKrauss, François
_eauthor
245 0 0 _aViolence du trauma sexuel, souffrance de la victime
260 _c2005.
500 _a62
520 _aLa notion de victimisation est à l’origine empruntée à la justice pénale. Elle traduit le souci de réparation du dommage subi par la victime. Son utilisation en psychopathologie marque un regain d’intérêt pour le traumatisme psychique subi par les victimes des violences de toutes natures. Des voix s’élèvent cependant pour dénoncer les risques de dérapage dans le sens d’une infantilisation de la victime ou d’une négation de la réalité de la sexualité infantile quand il s’agit de pédophilie. L’auteur montre cependant que la reconnaissance par le juriste et le thérapeute que la victime n’est pas la cause de ce qui lui arrive est indispensable pour atténuer la culpabilité de la victime qui représente un obstacle important dans le travail thérapeutique.
520 _aViolence of the sexual trauma and suffering oh the victim The concept of victimization is originating from penal justice. It is expressing preoccupation with some compensation for the damage inflicted on the victim. Its use in psychopathology marks a renewed interest for the trauma inflicted on the victims of violence of all kinds. Voices rise however to denounce the risk of misuse in the direction of some infantile behaviour of the victim, also a negation of the reality of infantile sexuality in case of paedophilia. The author shows however lawyer and therapist admit that victim is not the cause of what has occured to him is essential to permit therapeutic work.
690 _aAbus sexuel
690 _aAnalyse transitionnelle
690 _aClivage
690 _aConscience onirique
690 _aDéshumanisation
690 _aMoi peau
690 _aPerversion
690 _aTraumatisme psychique
690 _aVictimisation
690 _aAnalyse transitionnelle
690 _aDehumanization
690 _aFantasizing
690 _aMoi peau
690 _aPerversion
690 _aSexual abuse
690 _aSplitting of the ego
690 _aTrauma
690 _aVictimisation
786 0 _nImaginaire & Inconscient | 15 | 1 | 2005-03-01 | p. 171-188 | 1628-9676
856 4 1 _uhttps://shs.cairn.info/revue-imaginaire-et-inconscient-2005-1-page-171?lang=fr&redirect-ssocas=7080
999 _c2225402
_d2225403